|
|
|
|
| LEADER |
00000nab a2200000 ar4500 |
| 001 |
vtls010061380 |
| 003 |
SK-MaSNL |
| 005 |
20260304013322.0 |
| 008 |
100205c2009 xo mr|p|||||||000 b|slo |
| 015 |
|
|
|a SNBRB2010/02
|
| 038 |
|
|
|a SNSK
|
| 040 |
|
|
|a SNSK
|b slo
|c SNSK
|e AACR2
|
| 041 |
|
|
|a slo
|
| 044 |
|
|
|a xo
|c SK
|
| 080 |
|
|
|a 725.821
|x (450)
|2 2001
|
| 100 |
1 |
|
|a Caganová, Mária
|4 pht
|4 aut
|9 277009
|
| 245 |
1 |
0 |
|a Sen o La Scale
|b v meste, kde si každý príde na svoje
|c Mária Caganová
|
| 300 |
|
|
|b Fotogr.
|
| 610 |
2 |
7 |
|a Teatro alla Scala (Miláno, Taliansko)
|2 snsk
|9 35477
|
| 650 |
0 |
7 |
|a opery (budovy)
|2 snsk
|9 134916
|
| 651 |
|
7 |
|a Miláno (Taliansko)
|2 snsk
|9 17071
|
| 655 |
|
7 |
|a reportáže
|2 snsk
|9 28856
|
| 773 |
0 |
|
|t Život
|g Roč. 59, č. 46 (2009), s. 64-66
|x 0139-6323
|
| 852 |
|
|
|a SNSK
|b KIS3GCP
|
| 856 |
|
|
|u http://zivot.lesk.cas.sk/clanok/214/sen-o-la-scale-kazdy-si-pride-na-svoje.html
|
| 958 |
|
|
|a IT
|
| 999 |
|
|
|c 2575296
|d 2577226
|